Most Populated Cities in the World Not in China or India - Statistics

General Stats
  • This quiz has been taken 46 times
  • The average score is 19 of 20
Answer Stats
Population Country Rank in the world City % Correct
22505315 Mexico 7 Mexico City
100%
37115035 Japan 1 Tokyo
100%
22623874 Egypt 6 Cairo
98%
16047350 Turkey 15 Istanbul
98%
13824347 Brazil 23 Rio De Janeiro
98%
15618288 Argentina 16 Buenos Aires
95%
23935652 Bangladesh 4 Dhaka
95%
11436004 Indonesia 28 Jakarta
95%
14941953 Philippines 18 Manila
95%
12712305 Russia 25 Moscow
95%
11276701 France 30 Paris
95%
11233869 Thailand 31 Bangkok
93%
11658211 Colombia 27 Bogota
93%
17648555 Pakistan 12 Karachi
93%
17032322 DR Congo 13 Kinshasa
93%
11361938 Peru 29 Lima
93%
22806704 Brazil 5 Sao Paulo
93%
16536018 Nigeria 14 Lagos
90%
18967459 Japan 10 Osaka
90%
14407074 Pakistan 21 Lahore
83%
No matching quizzes found
Score Distribution
Percent of People with Each Score
Percentile by Number Answered
Your Score History
You have not taken this quiz